| 000 | 00800nam a22002177a 4500 | ||
|---|---|---|---|
| 005 | 20240530110532.0 | ||
| 008 | 160320s2013 ua a f 000 0 ara d | ||
| 017 |
_a2012/13731 _bمصر . دار الكتب المصرية |
||
| 020 | _a9789774901805 | ||
| 040 | _aEG-CaGPL | ||
| 082 | 0 | 4 |
_221 _a923.2 _bق/ع أ |
| 100 | 1 | _aعائشة عبدالغفار . | |
| 245 | 1 | 0 |
_aاحمد عبدالغفار و دوره فى السياسة المصرية 1919 - 1953 / _cعائشة عبدالغفار . |
| 250 | _aط1. | ||
| 260 |
_aالقاهرة : _bدار العين للنشر ، _c2013 . |
||
| 300 |
_a506 ص ؛ _c24 سم . |
||
| 600 | 0 | _aاحمد عبدالغفار . | |
| 651 | 0 | 4 |
_aمصر _xالاحوال السياسية . |
| 942 |
_2ddc _cBK |
||
| 999 |
_c62108 _d62108 |
||